<?xml version="1.0" encoding="UTF-8"?>
<record
    xmlns:xsi="http://www.w3.org/2001/XMLSchema-instance"
    xsi:schemaLocation="http://www.loc.gov/MARC21/slim http://www.loc.gov/standards/marcxml/schema/MARC21slim.xsd"
    xmlns="http://www.loc.gov/MARC21/slim">

  <leader>01303nam a22001937a 4500</leader>
  <controlfield tag="003">3228</controlfield>
  <controlfield tag="005">20240816144116.0</controlfield>
  <controlfield tag="008">240816b        sa ||||| |||| 00| 1 AFR d</controlfield>
  <datafield tag="020" ind1=" " ind2=" ">
    <subfield code="a">9780624092858</subfield>
    <subfield code="q">pbk</subfield>
  </datafield>
  <datafield tag="040" ind1=" " ind2=" ">
    <subfield code="a">RDA</subfield>
    <subfield code="c">OCLC</subfield>
  </datafield>
  <datafield tag="041" ind1=" " ind2=" ">
    <subfield code="2">A</subfield>
  </datafield>
  <datafield tag="082" ind1=" " ind2=" ">
    <subfield code="a">AF VILJ</subfield>
  </datafield>
  <datafield tag="100" ind1=" " ind2=" ">
    <subfield code="a">Viljoen, Ben.</subfield>
    <subfield code="9">188089</subfield>
  </datafield>
  <datafield tag="245" ind1=" " ind2=" ">
    <subfield code="a">Die vloek van Levitikus.</subfield>
    <subfield code="c">By Ben Viljoen.</subfield>
  </datafield>
  <datafield tag="260" ind1=" " ind2=" ">
    <subfield code="a">Kaapstad;</subfield>
    <subfield code="b">Tafelberg;</subfield>
    <subfield code="c">2022.</subfield>
  </datafield>
  <datafield tag="300" ind1=" " ind2=" ">
    <subfield code="a">250 pages.</subfield>
    <subfield code="c">23 cm.</subfield>
  </datafield>
  <datafield tag="520" ind1=" " ind2=" ">
    <subfield code="a">Die w&#xEA;reld van die gemarginaliseerde is &#x2019;n eensame plek, sou Jakkie Duvenhage spoedig ontdek. Die bewuswording van sy &#x201C;andersheid&#x201D; dompel hom in &#x2019;n lewe wat wipplank ry van skoonheidstitels en aanvaarding tot skokterapie en huisgeweld. Deurentyd voel hy die druk van staande te probeer bly teen die sosiale diskriminasie wat sy lewenswyse ontlok. &#x201C;Ons wil graag glo dat ons in &#x2019;n verligte era leef, een van verdraagsaamheid en begrip, maar dis nie waar nie. Die mensdom verbrand nog steeds hul hekse.&#x201D; S&#xF3; som een van sy lewensgeselle die realiteit van Jakkie se bestaan vir hom op.

Deur dit alles bly die liefde van sy ma hom deurdra. Maar wanneer hy by &#x2019;n reeks sinistere moorde betrek word, word die grense van nie net hierdie band beproef nie, maar ook di&#xE9; van hom en die grootste liefde van sy lewe.</subfield>
  </datafield>
  <datafield tag="942" ind1=" " ind2=" ">
    <subfield code="2">ddc</subfield>
    <subfield code="c">BOOK</subfield>
    <subfield code="w">174</subfield>
    <subfield code="x">Sanet Schoeman</subfield>
    <subfield code="y">174</subfield>
    <subfield code="z">Sanet Schoeman</subfield>
  </datafield>
  <datafield tag="999" ind1=" " ind2=" ">
    <subfield code="c">766343</subfield>
    <subfield code="d">766342</subfield>
  </datafield>
  <datafield tag="952" ind1=" " ind2=" ">
    <subfield code="0">0</subfield>
    <subfield code="1">0</subfield>
    <subfield code="2">ddc</subfield>
    <subfield code="4">0</subfield>
    <subfield code="7">0</subfield>
    <subfield code="8">F</subfield>
    <subfield code="a">STANRL</subfield>
    <subfield code="b">STANDL</subfield>
    <subfield code="c">FIC</subfield>
    <subfield code="d">2024-08-16</subfield>
    <subfield code="g">279.95</subfield>
    <subfield code="l">0</subfield>
    <subfield code="o">AF VILJ</subfield>
    <subfield code="p">33228031152782</subfield>
    <subfield code="r">2024-08-16</subfield>
    <subfield code="w">2024-08-16</subfield>
    <subfield code="y">BOOK</subfield>
  </datafield>
  <datafield tag="952" ind1=" " ind2=" ">
    <subfield code="0">0</subfield>
    <subfield code="1">0</subfield>
    <subfield code="2">ddc</subfield>
    <subfield code="4">0</subfield>
    <subfield code="7">0</subfield>
    <subfield code="8">F</subfield>
    <subfield code="a">STANRL</subfield>
    <subfield code="b">WAKKL</subfield>
    <subfield code="c">FIC</subfield>
    <subfield code="d">2024-08-16</subfield>
    <subfield code="g">279.95</subfield>
    <subfield code="l">0</subfield>
    <subfield code="o">AF VILJ</subfield>
    <subfield code="p">33228031152781</subfield>
    <subfield code="r">2024-08-16</subfield>
    <subfield code="w">2024-08-16</subfield>
    <subfield code="y">BOOK</subfield>
  </datafield>
</record>
